Łuczak, Czesław, 1922-2002. Ks. Piotr Wawrzyniak (1849-1910). - Poznań : PSO. - 2000 [Rezension]

Titel: Łuczak, Czesław, 1922-2002. Ks. Piotr Wawrzyniak (1849-1910). - Poznań : PSO. - 2000 [Rezension]
Verfasser:
In: Przegląd zachodni. [Polnische Ausgabe], Band 59, Heft 1 (2003), Seite 200-201
alle Artikel anzeigen
Veröffentlicht: 2003
Format: Aufsatz
Sprache: Polnisch
Kein Bild verfügbar
X
alg: 39505483
001A    $01999:12-11-16 
001B    $01999:04-08-21 $t21:03:21.000 
001D    $01999:12-11-16 
001U    $0utf8 
001X    $00 
002@    $0Aox 
003@    $0395054834 
007A    $0395054834 $aHEB 
007T    $0Herd72609 
010@    $apol 
011@    $a2003 
021A    $aŁuczak, Czesław, 1922-2002. Ks. Piotr Wawrzyniak (1849-1910). - Poznań : PSO. -  2000 [Rezension] 
028A    $aDmochowska $dHanka 
031A    $d59 $e1 $h200-201 $j2003 
039B    $aIn $8--Abvc--. Przegląd zachodni. [Polnische Ausgabe]. - Poznań : Inst. Zachodni, 1945-. - ISSN 0033-2437 $x200300000590001800 $904745606X 
039T    $8--Aax--Łuczak, Czesław$Z1922-2002 [Tp1]. Ks. Piotr Wawrzyniak (1849-1910). - Poznań : PSO, 2000. - 113 s. $9395567688 
045F    $a900.9438 $eDDC23BSB 
045F/01 $a900 
045F/03 $g438 
045F/03 $g43849 
045T    $a7,41 $a3,6 

lok: 39505483 78

exp: 39505483 78 1 #EPN
201B/01 $018-11-16 $t13:36:22.000 
201U/01 $0utf8 
203@/01 $0791353478 
208@/01 $a12-11-16 $be 
209A/01 $a/ $f000 $x00 
220C/01 $aTitelaufnehmer: pbb 
244Z/01 $2Trx $#Großpolen $#Greater Poland $#Velkopolsko $8--Trx--Wielkopolska $x01 $9391277227 
244Z/01 $2Trx $#Poola $#Lenkija $#Polija $#Polen Land $#Poland $#Lengyelország $#Poľsko $#Polsko $8--Trx--Polska$gkraj $x02 $9391345966 
244Z/01 $2Trx $#arvustused $#recenzijos $#Reviews $#recenziók $#recenzje $#recenzie $#recenze $8--Trx--Rezensionen $x03 $9391357441 
247C/01 $82080>Marburg/Lahn, Herder-Institut, Forschungsbibliothek, Bibliographieportal $9336309341
LEADER 00000caa a22000002c 4500
001 395054834
003 DE-603
005 20210804210321.0
007 tu
008 161112s2003 xx |||| | u00||u|pol c
035 |a (DE-599)HEB395054834 
040 |a DE-603  |b ger  |c DE-603  |d DE-603 
041 |a pol 
082 0 4 |8 1\u  |a 900.9438  |q DE-101  |2 23/BSB 
084 |a 7,41  |a 3,6  |2 ssgn 
085 |8 1\u  |b 900 
085 |8 1\u  |z 2  |s 438 
085 |8 1\u  |z 2  |s 43849 
100 1 |a Dmochowska, Hanka 
245 0 0 |a Łuczak, Czesław, 1922-2002. Ks. Piotr Wawrzyniak (1849-1910). - Poznań : PSO. - 2000 [Rezension] 
264 0 |c 2003 
773 0 8 |i In  |t Przegląd zachodni. [Polnische Ausgabe]  |d Poznań : Inst. Zachodni, 1945-  |h 24 cm  |x 0033-2437  |g Band 59, Heft 1 (2003), Seite 200-201  |w (DE-603)04745606X  |w (DE-600)281538-2 
787 0 8 |i Rezension von  |a Łuczak, Czesław, 1922-2002  |t Ks. Piotr Wawrzyniak (1849-1910)  |d Poznań : PSO, 2000  |h 113 s.  |w (DE-603)395567688 
924 0 |9 2080  |a (DE-603)791353478  |b DE-2080  |c HES  |d d  |g /